|
|
|
|
| LEADER |
00000cam a2200000 7i4500 |
| 001 |
0000005108 |
| 005 |
20151222.0 |
| 008 |
0700108 |
| 020 |
|
|
|a 9838806455
|
| 090 |
0 |
0 |
|a JF
|b ART MAL (5449)
|
| 100 |
0 |
|
|a Hazimi Malek
|
| 245 |
1 |
0 |
|a Warna Poster
|c Hazimi Malek
|
| 260 |
|
|
|a Selangor :
|b Eddiplex Sdn.Bhd ,
|c 2005
|
| 440 |
|
0 |
|a Skil seni lukis
|v Teknik dan kaedah penggunaan
|
| 500 |
|
|
|a Children ages 7-9 years old (orange)
|
| 650 |
|
0 |
|a Art
|x Study and teaching
|
| 650 |
|
0 |
|a English
|x Study and teaching
|
| 999 |
|
|
|a 0000471431
|b Book
|c Children Collection
|e Cawangan Muar
|
| 999 |
|
|
|a 0000905554
|b Book
|c Teenagers
|e Cawangan Bandar Tenggara
|
| 999 |
|
|
|a 0000977486
|b Book
|c Children Collection
|e Perbadanan Perpustakaan Awam Johor
|
| 999 |
|
|
|a 0000977488
|b Book
|c Children Collection
|e Perbadanan Perpustakaan Awam Johor
|
| 999 |
|
|
|a 0000977489
|b Book
|c Children Collection
|e Perbadanan Perpustakaan Awam Johor
|
| 999 |
|
|
|a 0000977490
|b Book
|c Children Collection
|e Perbadanan Perpustakaan Awam Johor
|
| 999 |
|
|
|a 0001071162
|b Book
|c Children Collection
|e Cawangan Tmn. Ungku Tun Aminah
|